| 000 | 00910 a2200205 4500 | ||
|---|---|---|---|
| 001 | 32788 | ||
| 005 | 20260407155624.0 | ||
| 008 | 260407a1965 arg spa d | ||
| 003 | AR-UNSa-BCEJYS | ||
| 040 |
_aAR-UNSa-BCEJYS _bspa _cAR-UNSa-BCEJYS |
||
| 080 |
_a658.012.261 _xSuceso-nodo-red. Orientación al suceso. PERT (Técnica de Revisión y Evaluación de Proyectos) |
||
| 245 | 1 | 0 |
_aTécnicas modernas de gestión _pmétodos matemáticos para la toma de decisiones |
| 264 | 1 |
_aNew York : _bMcGraw-Hill _c1965 |
|
| 300 |
_a197 p. _c22 cm. |
||
| 505 | _aI. Introducción a las técnicas matemáticas de gestión - II. Técnicas matemáticas - III. Aplicaciones de las técnicas matemáticas de gestión - IV. Conclusión - Apéndice: El método PERT - Dinámica Industrial - | ||
| 942 | _cBK | ||
| 590 | _aniveau_biblio:m niveau_hierar:0 | ||
| 100 | 1 | _aLindsay, Franklin A. | |
| 700 | 1 | _aCompays Pascual, R. | |
| 999 |
_c2301 _d2301 |
||